| 000 | 00534nam a2200169 i 4500 | ||
|---|---|---|---|
| 001 | 74144 | ||
| 003 | ES-MaACL | ||
| 005 | 20230906172030.0 | ||
| 007 | t| | ||
| 008 | 040915s1958 sp ||||1| spa d | ||
| 100 | 1 |
_aGonzález-Alegre, Ramón. _958405 |
|
| 245 | 1 | 0 |
_aSobre una interpretación de Rosalía de Castro / _cRamón González-Alegre. |
| 260 |
_aMadrid : _b[s.n., _c1958] |
||
| 300 |
_a7 h. ; _c19 cm. |
||
| 500 | _aEs separata de: Papeles de Son Armadans, nº XXIII, febrero 1958. | ||
| 852 |
_aES-MaACL _j2002-F-4 _bR.42034 |
||
| 999 |
_c74144 _d74144 |
||